| 000 | 01898nam a2200229Ia 4500 | ||
|---|---|---|---|
| 003 | Ost | ||
| 005 | 20260507075355.0 | ||
| 008 | 260507s9999||||xx |||||||||||||| ||und|| | ||
| 020 | _a11507099539 | ||
| 040 | _cfsecg | ||
| 041 | _aara | ||
| 082 | _a330 | ||
| 100 | _eمؤلف | ||
| 245 | 0 | _aالرقابة المالية في الأقطار العربية / | |
| 260 |
_aبيروت: _bالمنظمة العربية لمكافحة الفساد, _c2009 |
||
| 300 |
_a736 صفحة؛ _bإيضاحات ؛ _c24 سم |
||
| 520 | _aالرقابة المالية الفاعلة على مالية الدول العربية في ظل خصوصيات الأوضاع الدولية والإقليمية- النظام المالي للحكومة ودوره في فاعلية الرقابة المالية ومكافحة الفساد- واقع الرقابة المالية في لبنان- واقع الرقابة المالية في مصر- واقع الرقابة المالية في اليمن- واقع الرقابة المالية في المغرب- واقع الرقابة المالية في الاردن- دور السلطة القضائية في دعم عمل أجهزة الرقابة المالية- استقلالية أجهزة الرقابة المالية وعدم اخضاعها للمؤثرات السياسية الضامن الأساسي لفاعليتها في أداء مهامها- الرقابة البرلمانية على السلطة التنفيذية ودورها المحوري في دعم فعالية الرقابة المالية في أقطار الوطن العربي- تحسين أداء الرقابة المالية في الاقطار العربية لبنان، مصر، اليمن، المغرب، الاردن | ||
| 653 | _aالأقطار العربية | ||
| 653 | _aالرقابة المالية | ||
| 653 | _aتدقيق الحسابات | ||
| 942 | _cكتاب | ||
| 999 |
_c44197 _d44197 |
||